Vanoss Crew Members Quiz - Statistics

General Stats
  • This quiz has been taken 141 times
    57 since last reset
  • The average score is 15 of 21
Answer Stats
Hint Answer % Correct
Irish Lobster that says "Mhmm" Daithi De Nogla
100%
Pig that rages a lot and kills people who want to see Pluto Nash 3D I Am Wildcat
100%
Terminator who can do Arnolds voice Terroriser
100%
Crew Leader VanossGaming
100%
The black dude who has Finn as a skin BasicallyIDoWrk
97%
Clown who loves teddy bears H2O Delirious
97%
Monkey who can do a kids voice Lui Calibre
97%
Naked panda man BigJigglyPanda
91%
Tank top dude who got arrested by the fashion police Moo Snuckel
91%
The only girl in the group PastaroniRavioli
91%
The one that has a Mask with a Greek letter and left the group in 2020 Ohmwrecker
85%
Tax man who left the group in 2018 MiniLadd
79%
His avatar is a bag of milk and hes canadian Smii7y
73%
The one that has numbers in his name and is a girl in GTA online Fourzer0seven
70%
Astronaut who is also the oldest member in the crew Mr Sark
67%
Latino Uber driver with a cockatoo SilentDroidd
67%
One eyed devil Cartoonz
64%
The one that has a cat on his pfp and username RacingCatz
45%
The one who said MY LLAMMAAAAAAAAAAA in fortnite Kryoz
15%
Lets play commentator and machinima director Sp00nerism
9%
The one that plays with other youtubers such as gorillaphent, sattelizer etc Bryce Games
3%
No matching quizzes found
Score Distribution
Percent of People with Each Score
Percentile by Number Answered
Your Score History
You have not taken this quiz since the last reset